[Event "POL-ch Army"]
[Site "Kolobrzeg"]
[Date "2008.03.12"]
[Round "6"]
[White "Bogocki, Cezary"]
[Black "Kedzierski, Slawomir"]
[Result "0-1"]
[WhiteElo "2011"]
[BlackElo "2067"]
[PlyCount "102"]
[EventDate "2008.03.11"]
[EventType "swiss"]
[EventRounds "9"]
[EventCountry "POL"]
[SourceTitle "EXT 2010"]
[Source "ChessBase"]
[SourceDate "2010.11.25"]
[SourceVersion "1"]
[SourceVersionDate "2010.11.25"]
[SourceQuality "1"]

1. d4 Nf6 2. c4 e6 3. Nf3 d5 4. Nc3 Be7 5. Bf4 0-0 6. e3 Nh5 7. Bg3 c6 8. cxd5 exd5 9. Qc2 f5 10. Bd3 g6 11. Bxb8 Rxb8 12. Ne5 Be6 13. f4 c5 14. Be2 Nf6 15. Bf3 cxd4 16. exd4 Qb6 17. Rd1 Rfc8 18. h4 Kg7 19. Qf2 Bb4 20. Rc1 Qa5 21. 0-0 Bxc3 22. bxc3 Rxc3 23. Qb2 Rbc8 24. Rxc3 Qxc3 25. Qxb7+ Rc7 26. Qa6 Qxd4+ 27. Kh1 Bg8 28. Qd6 Qc5 29. Qd8 Qe7 30. Qa8 Ne4 31. Kg1 Qxh4 32. Qb8 Qe7 33. Bxe4 dxe4 34. Rd1 Rb7 35. Qc8 Be6 36. Qc3 Rc7 37. Qb2 Qc5+ 38. Kh2 Qc3 39. Qb8 Qc5 40. Qe8 Qe7 41. Qb8 Rb7 42. Qa8 Bxa2 43. Nc6 Qc7 44. Qe8 Qxf4+ 45. Kh1 Bf7 46. Qd8 Kh6 47. Qf8+ Kg5 48. Nd8 Bb3 49. Rb1 Rd7 50. Qe8 Qd6 51. Nb7 Rxb7 0-1

[Event "Perla Baltyku op-B 3rd"]
[Site "Mielno"]
[Date "2007.06.18"]
[Round "1"]
[White "Roszkowski, Rafal"]
[Black "Bogocki, Cezary"]
[Result "1/2-1/2"]
[WhiteElo "2042"]
[BlackElo "2012"]
[PlyCount "102"]
[EventDate "2007.06.18"]
[EventType "swiss"]
[EventRounds "9"]
[EventCountry "POL"]
[SourceTitle "EXT 2008"]
[Source "ChessBase"]
[SourceDate "2007.11.25"]
[SourceVersion "1"]
[SourceVersionDate "2007.11.25"]
[SourceQuality "1"]

1. e4 e5 2. d4 exd4 3. Qxd4 Nc6 4. Qe3 Nf6 5. Bd2 Be7 6. Nc3 d5 7. exd5 Nxd5 8. Qg3 Bh4 9. Qxg7 Qe7+ 10. Be2 Bf6 11. Nxd5 Bxg7 12. Nxe7 Kxe7 13. 0-0-0 Be6 14. a3 a5 15. Nf3 h6 16. Rhe1 Kf8 17. Bf4 Rc8 18. h3 Bf6 19. Bb5 Kg7 20. Bxc6 bxc6 21. Be5 Bd5 22. Rd3 Rb8 23. Bxf6+ Kxf6 24. Ne5 Kf5 25. g4+ Kf4 26. c4 Be4 27. Rd4 Kxe5 28. Rexe4+ Kf6 29. Rd7 Rb3 30. Rxc7 Rhb8 31. Rxc6+ Kg7 32. Re2 Rxh3 33. c5 Rf3 34. Rc7 Rf4 35. c6 Rxg4 36. Rd7 Rc4+ 37. Rc2 Rxc2+ 38. Kxc2 Rb5 39. c7 Rc5+ 40. Kd3 a4 41. Ke4 Kg6 42. Rd4 Rxc7 43. Rxa4 Rc2 44. Ra6+ f6 45. Kf3 Rxb2 46. a4 Rb3+ 47. Kg2 h5 48. Ra8 Ra3 49. a5 h4 50. a6 Kg5 51. a7 Kf4 1/2-1/2

[Event "Kazimierz Dolny op"]
[Site "Kazimierz Dolny"]
[Date "2001.03.15"]
[Round "6"]
[White "Bogocki, Cezary"]
[Black "Kupczyk, Edyta"]
[Result "0-1"]
[WhiteElo "2022"]
[BlackElo "2010"]
[PlyCount "120"]
[EventDate "2001.03.10"]
[EventType "swiss"]
[EventRounds "9"]
[EventCountry "POL"]
[SourceTitle "CBM 081 Extra"]
[Source "ChessBase"]
[SourceDate "2001.05.06"]
[SourceVersion "1"]
[SourceVersionDate "2001.05.06"]
[SourceQuality "1"]

1. d4 Nf6 2. Nf3 g6 3. c4 Bg7 4. g3 0-0 5. Bg2 d6 6. 0-0 Nc6 7. Nc3 e5 8. d5 Ne7 9. e4 Ne8 10. b4 h6 11. a4 f5 12. Re1 Nf6 13. Nd2 Bd7 14. c5 Qc8 15. Nc4 f4 16. Qb3 Ne8 17. f3 Bh3 18. Bh1 Kh7 19. Ba3 Rf6 20. b5 b6 21. cxd6 cxd6 22. Rac1 Qd7 23. Na2 h5 24. Nb4 Nc8 25. Nc6 Rf7 26. Bb2 g5 27. Bxe5 dxe5 28. N4xe5 Bxe5 29. Nxe5 Qc7 30. Nxf7 Qxf7 31. e5 Bf5 32. Bg2 Ne7 33. Red1 Rd8 34. e6 Qf6 35. Bf1 Qe5 36. Qc3 Qxc3 37. Rxc3 Rxd5 38. Ra1 fxg3 39. hxg3 Kg6 40. a5 Bxe6 41. axb6 axb6 42. Ra6 Rd6 43. Rd3 Nc8 44. Rc3 Rd1 45. Kf2 Kf6 46. Be2 Rh1 47. Kg2 Rb1 48. Rc6 Rb2 49. Kf1 Ned6 50. Ra4 Nxb5 51. f4 Nbd6 52. Rd4 Nf5 53. fxg5+ Kxg5 54. Rd3 Ng7 55. Re3 Bd7 56. Rc7 Rd2 57. Rd3 Bh3+ 58. Ke1 Rxd3 59. Bxd3 Ne8 60. Ba6 Nxc7 0-1

[Event "POL-ch U26"]
[Site "Warsaw"]
[Date "1999.??.??"]
[Round "?"]
[White "Bogocki, Cezary"]
[Black "Castaneda, Georgui"]
[Result "0-1"]
[WhiteElo "2035"]
[BlackElo "2413"]
[PlyCount "100"]
[EventDate "1999.??.??"]
[EventType "swiss"]
[EventRounds "9"]
[EventCountry "POL"]
[SourceTitle "EXT 2002"]
[Source "ChessBase"]
[SourceDate "2001.11.25"]
[SourceVersion "1"]
[SourceVersionDate "2001.11.25"]
[SourceQuality "1"]

1. d4 d6 2. e4 Nf6 3. Nc3 g6 4. Be3 c6 5. Qd2 Nbd7 6. Nf3 Bg7 7. h3 Qa5 8. Bd3 0-0 9. 0-0 e5 10. dxe5 dxe5 11. Nd5 Qd8 12. Nxf6+ Bxf6 13. Rfd1 Qe7 14. Qc3 Re8 15. a4 a5 16. Bf1 Bg7 17. Bg5 Qc5 18. Bc4 Qb4 19. Qxb4 axb4 20. Be3 Bf8 21. Ng5 Re7 22. a5 h6 23. Nf3 Re8 24. c3 Nf6 25. cxb4 Nxe4 26. b5 Nd6 27. b3 cxb5 28. Bd5 Nf5 29. Bb6 Bb4 30. g4 Ne7 31. Be4 Nc6 32. a6 Bc3 33. axb7 Bxb7 34. Rxa8 Bxa8 35. Rd7 Nb4 36. Bxa8 Rxa8 37. Rd8+ Rxd8 38. Bxd8 e4 39. Nh4 Nd3 40. Ng2 Nc5 41. Nf4 Nxb3 42. Nd5 Bd4 43. Nf6+ Bxf6 44. Bxf6 Nc5 45. Kf1 b4 46. Ke2 b3 47. Kd2 Nd3 48. g5 hxg5 49. Bxg5 Nxf2 50. Ke3 b2 0-1

[Event "Warsaw-ch"]
[Site "Warsaw"]
[Date "1997.??.??"]
[Round "2"]
[White "Bogocki, Cezary"]
[Black "Spicak, Krzysztof"]
[Result "1/2-1/2"]
[WhiteElo "2060"]
[BlackElo "2160"]
[PlyCount "99"]
[EventDate "1997.??.??"]
[EventType "swiss"]
[EventRounds "9"]
[EventCountry "POL"]
[SourceTitle "EXT 2000"]
[Source "ChessBase"]
[SourceDate "1999.11.16"]
[SourceVersion "1"]
[SourceVersionDate "1999.11.16"]
[SourceQuality "1"]

1. d4 d5 2. c4 c6 3. Nf3 Nf6 4. Nc3 e6 5. cxd5 exd5 6. Bg5 h6 7. Bh4 Be7 8. Qc2 g6 9. e3 Bf5 10. Bd3 Bxd3 11. Qxd3 Nbd7 12. 0-0 0-0 13. Nd2 Re8 14. Rae1 Nh7 15. Bxe7 Rxe7 16. f3 Ng5 17. e4 dxe4 18. fxe4 Qc7 19. Kh1 Rd8 20. Qe3 Kg7 21. h4 Nh7 22. Nb3 Ndf6 23. e5 Ng4 24. Qf3 h5 25. g3 Nh6 26. Ne4 Nf5 27. Rd1 b6 28. Qf4 Red7 29. Nf6 Re7 30. Nxh5+ Kg8 31. g4 Nxh4 32. Nf6+ Nxf6 33. Qxf6 g5 34. Qxg5+ Ng6 35. Rf6 Kg7 36. Rd2 Rh8+ 37. Rh2 Rxh2+ 38. Kxh2 c5 39. Rd6 cxd4 40. Nxd4 Rxe5 41. Qf6+ Kh7 42. Kg2 Qe7 43. Qxe7 Rxe7 44. a4 Ne5 45. g5 Nc4 46. Rh6+ Kg8 47. b3 Nd2 48. g6 Re4 49. gxf7+ Kxf7 50. Nb5 1/2-1/2

[Event "Warsaw-ch"]
[Site "Warsaw"]
[Date "1997.??.??"]
[Round "5"]
[White "Ponceleusz, Bronislaw"]
[Black "Bogocki, Cezary"]
[Result "1-0"]
[WhiteElo "2135"]
[BlackElo "2060"]
[PlyCount "103"]
[EventDate "1997.??.??"]
[EventType "swiss"]
[EventRounds "9"]
[EventCountry "POL"]
[SourceTitle "EXT 2000"]
[Source "ChessBase"]
[SourceDate "1999.11.16"]
[SourceVersion "1"]
[SourceVersionDate "1999.11.16"]
[SourceQuality "1"]

1. d4 Nf6 2. Nf3 e6 3. c4 b6 4. g3 Ba6 5. b3 Bb4+ 6. Bd2 Be7 7. Bg2 Bb7 8. 0-0 0-0 9. Bc3 d6 10. Qc2 c5 11. dxc5 bxc5 12. Bxf6 Bxf6 13. Ng5 g6 14. Bxb7 Bxa1 15. Ne4 Nd7 16. Bxa8 Qxa8 17. Nxd6 Qc6 18. Nb5 a6 19. N5c3 Nf6 20. Rd1 h5 21. h4 Qc7 22. Nd2 Bxc3 23. Qxc3 Qe7 24. Nf3 Rd8 25. Rd3 Ng4 26. Ne1 Kh7 27. Rxd8 Qxd8 28. Nd3 e5 29. Nxc5 Qd1+ 30. Kg2 f6 31. Qd3 Qe1 32. Qd7+ Kh8 33. Qd8+ Kh7 34. Qd7+ Kh8 35. Qd8+ Kh7 36. Qd7+ Kh8 37. Qe8+ Kh7 38. Ne4 Qxe2 39. Qd7+ Kh8 40. Qe8+ Kg7 41. Qe7+ Kh8 42. Qf8+ Kh7 43. Qf7+ Kh8 44. Qf8+ Kh7 45. Nxf6+ Nxf6 46. Qxf6 Qxa2 47. Qf7+ Kh6 48. c5 e4 49. c6 Qc2 50. c7 e3 51. Qf8+ Kh7 52. c8Q 1-0